000 00545nam a2200193Ia 4500
005 20250508161917.0
008 008 250505s9999 xx 000 0 hin d
037 _aTextual
040 _aFEDL
_beng
_cFEDL
041 _ahin
_2eng
084 _a332.1, NCE
_qFEDL
100 _aRadhakrishnan S.
245 0 _aBanking ki manoharita
260 _aNew Delhi, India
_bNational Council of Edcational Research and Training
_c1971
300 _a87p
650 _aEconomics
942 _cTEXL
_h332.1, NCE
999 _c1373134
_d1373134